| 000 | 00555nam a2200181 a 4500 | ||
|---|---|---|---|
| 001 | 3379 | ||
| 005 | 20140414131915.0 | ||
| 008 | 040109s19uu xx 00 eng d | ||
| 020 | _a0-375-81230-x | ||
| 050 |
_aER _bH21 2002 |
||
| 100 | _aHays, Anna Jane | ||
| 245 |
_aHappy alphabet : _cAnna Jane Hays ; illustrated by Joe Mathieu. _ba phonic reader / |
||
| 260 |
_aCanada : _bRandom House, _c2002. |
||
| 300 | _a29 p. : ill. ; cm. | ||
| 440 | _aStep into Reading Early | ||
| 650 |
_aEnglish language _xAlphabet _xJuvenile literature. |
||
| 999 |
_c111441 _d111441 |
||